|
|
|
|
| LEADER |
00000nam0a2200000 4500 |
| 001 |
260765 |
| 005 |
20231101233515.0 |
| 010 |
|
|
|a 5020285668
|
| 035 |
|
|
|a (RuTPU)RU\TPU\book\283735
|
| 035 |
|
|
|a RU\TPU\book\267613
|
| 090 |
|
|
|a 260765
|
| 100 |
|
|
|a 20131125d1988 k y0rusy50 ca
|
| 101 |
0 |
|
|a rus
|
| 102 |
|
|
|a RU
|
| 105 |
|
|
|a a z 001zy
|
| 200 |
1 |
|
|a Вычислительные проблемы в задачах математической физики
|e сборник
|f Академия наук СССР (АН СССР), Сибирское отделение (СО), Институт математики ; под ред. С. К. Годунова
|
| 210 |
|
|
|a Новосибирск
|c Наука
|d 1988
|
| 215 |
|
|
|a 116 с.
|c ил.
|
| 225 |
1 |
|
|a Труды института математики СО АН СССР
|v Т. 11
|
| 320 |
|
|
|a Библиогр. в конце ст.
|
| 606 |
1 |
|
|a Математическая физика
|2 stltpush
|3 (RuTPU)RU\TPU\subj\41221
|9 61028
|
| 610 |
1 |
|
|a вычисления
|
| 610 |
1 |
|
|a задачи
|
| 610 |
1 |
|
|a упругопластические среды
|
| 610 |
1 |
|
|a решение
|
| 610 |
1 |
|
|a численные алгоритмы
|
| 610 |
1 |
|
|a разностные схемы
|
| 610 |
1 |
|
|a уравнения Лапласа
|
| 610 |
1 |
|
|a алгоритмы
|
| 675 |
|
|
|a 53:51
|v 3
|
| 702 |
|
1 |
|a Годунов
|b С. К.
|4 340
|
| 712 |
0 |
2 |
|a Академия наук СССР (АН СССР)
|b Сибирское отделение (СО)
|b Институт математики
|2 stltpush
|3 (RuTPU)RU\TPU\col\11754
|
| 801 |
|
1 |
|a RU
|b 63413507
|c 20140519
|
| 801 |
|
2 |
|a RU
|b 63413507
|c 20150424
|g RCR
|
| 942 |
|
|
|c BK
|